| 000 | 00776nam a22001817a 4500 | ||
|---|---|---|---|
| 005 | 20240513151241.0 | ||
| 010 | _aHIN-127535 | ||
| 020 |
_a9789355000279 _c499.00 |
||
| 035 | _aHN-99881 | ||
| 037 | _bDBAD | ||
| 082 | _a820.08 | ||
| 245 |
_aचित्रा मुदगल: _bएक शिनाख्त/ _cमहेश दर्पण द्वारा सम्पादित |
||
| 260 |
_aमुम्बई _bप्रलेक प्रकाशन _c2021 |
||
| 270 |
_a702 , जे-50 ग्लोबल सिटी विरार (वेस्ट) _bमुम्बई _e401303 |
||
| 300 |
_a496 पृ. _c22 सेमी.(आजिल्द) |
||
| 650 |
_aहिन्दी _966123 |
||
| 942 |
_2ddc _cHN _h820.08 _mचित्रामु |
||
| 999 |
_c202407 _d202407 |
||